000 01293nam a2200277Ia 4500
999 _c19878
_d19878
001 21618
003 DO-CoUTE
005 20260204212517.0
008 220102s9999 dr 000 0 spa d
040 _aDO-CoUTE
_bspa
_cDO-CoUTE
041 0 _aspa
090 _aMGCE 2020 H37
100 1 _aHernández Sánchez, Andrea
_esustentante
245 1 0 _aMejoramiento de la convivencia escolar de los centros educativos: Juan Antonio García Díaz, Escuela Lidia Rodríguez Paniagua y la Escuela Gilberto Antonio Díaz Camilo, Distrito Educativo 16-05 / Andrea Hernández Sánchez, Guadalupe Romero Disla ; asesor, Manuel Arismendy Batista Villa
260 _aCotuí, República Dominicana :
_bUTECO,
_c2020
300 _a101 hojas :
_bIlustraciones ;
_c28cm.
_e+ 1 CD-ROM
502 _aTesis (Maestría en Gestión de Centros Educativos)--Universidad Tecnológica del Cibao Oriental, 2020
504 _aIncluye referencia bibliográfica e índice
650 4 _aConvivencia escolar
700 1 _aRomero Disla, Guadalupe
_esustentante
700 1 _aBatista Villa, Manuel Arismendy
_easesor
830 0 _aTesis y disertaciones académicas (Universidad Tecnológica del Cibao Oriental)
942 _2LC
_cTH